000 00355nam a2200145Ia 4500
005 20260328101511.0
008 260328s9999||||xx |||||||||||||| ||und||
100 _aCastells, Manuel
245 0 _aMovimientos Sociales Urbanos /
_cManuel Castells
250 _a4a ed.
260 _bSiglo Veintiuno
300 _a131 p.
650 _aURBANISMO
942 _cBK
999 _c9222
_d9222